Normal view MARC view
  • QUANTUM FIELD THEORY

Entry Topical Term

Number of records used in: 1

001 - CONTROL NUMBER

  • control field: 60414

003 - CONTROL NUMBER IDENTIFIER

  • control field: NUST

005 - DATE AND TIME OF LATEST TRANSACTION

  • control field: 20210628202536.0

008 - FIXED-LENGTH DATA ELEMENTS

  • fixed length control field: 210628|| aca||aabn | a|a d

040 ## - CATALOGING SOURCE

  • Original cataloging agency: NUST
  • Transcribing agency: NUST

150 ## - HEADING--TOPICAL TERM

  • Topical term or geographic name entry element: QUANTUM FIELD THEORY

670 ## - SOURCE DATA FOUND

  • Source citation: Work cat.: (NUST): Lahiri, Amitabha Pal, Palash .B 60413, A first book of quantum field theory, 2005
© 2023 Central Library, National University of Sciences and Technology. All Rights Reserved.